Ч. 2; Народные музыкальные инструменты и инструментальная музыка

Bibliographische Detailangaben
Parent link:Народные музыкальные инструменты и инструментальная музыка: сборник статей и материалов/ под ред. Е. В. Гиппиуса. Ч. 2.— , 1987-
Sprache:Russisch
Veröffentlicht: 1988
Schlagworte:
Format: Buch
KOHA link:https://koha.lib.tpu.ru/cgi-bin/koha/opac-detail.pl?biblionumber=257771

MARC

LEADER 00000nam2a2200000 4500
001 257771
005 20231101233232.0
020 |a RU  |b 88-7740 
035 |a (RuTPU)RU\TPU\book\280588 
090 |a 257771 
100 |a 20140418g1988 k a0rusy5003 ca 
101 0 |a rus 
102 |a RU 
105 |a a z 000zy 
200 0 |a Ч. 2 
210 |d 1988 
215 |e (ил., нот. ил.)  |a 260 с. 
461 1 |0 (RuTPU)RU\TPU\book\299911  |t Народные музыкальные инструменты и инструментальная музыка  |o сборник статей и материалов   |o в 2 ч.  |f под ред. Е. В. Гиппиуса  |v Ч. 2  |d 1987- 
606 1 |a Инструментальная музыка  |2 stltpush  |3 (RuTPU)RU\TPU\subj\12674  |9 39418 
610 1 |a музыкальные инструменты 
610 1 |a классификация 
610 1 |a инструменты 
610 1 |a народная музыка 
610 1 |a традиции 
675 |a 785  |z rus  |v 3 
801 0 |a RU  |b RuMRKP  |c 19950417  |g psbo 
801 1 |a RU  |b 63413507  |c 20140418 
801 2 |a RU  |b 63413507  |c 20141125  |g RCR 
942 |c BK